<?xml version="1.0" encoding="UTF-8"?>
<record
    xmlns:xsi="http://www.w3.org/2001/XMLSchema-instance"
    xsi:schemaLocation="http://www.loc.gov/MARC21/slim http://www.loc.gov/standards/marcxml/schema/MARC21slim.xsd"
    xmlns="http://www.loc.gov/MARC21/slim">

  <leader>01441nam a2200217 a 4500</leader>
  <controlfield tag="001">000036086</controlfield>
  <controlfield tag="005">20200930074850.0</controlfield>
  <controlfield tag="008">111129s1998    dr            000 0 spa d</controlfield>
  <datafield tag="040" ind1=" " ind2=" ">
    <subfield code="a">DO-SdBNP</subfield>
    <subfield code="b">spa</subfield>
    <subfield code="c">BNPHU</subfield>
  </datafield>
  <datafield tag="082" ind1=" " ind2=" ">
    <subfield code="a">759.97293</subfield>
    <subfield code="b">L183L</subfield>
  </datafield>
  <datafield tag="100" ind1="1" ind2=" ">
    <subfield code="a">Lahit-Bignott, Nereida</subfield>
    <subfield code="9">62121</subfield>
  </datafield>
  <datafield tag="245" ind1="1" ind2="0">
    <subfield code="a">Luis Desangles :</subfield>
    <subfield code="b">un pintor antillano /</subfield>
    <subfield code="c">Nereida Lahit-Bignott ; pr&#xF3;logo C&#xE1;ndido Ger&#xF3;n.</subfield>
  </datafield>
  <datafield tag="260" ind1=" " ind2=" ">
    <subfield code="a">Santo Domingo :</subfield>
    <subfield code="b">Amigo del Hogar,</subfield>
    <subfield code="c">1998.</subfield>
  </datafield>
  <datafield tag="300" ind1=" " ind2=" ">
    <subfield code="a">275 p. :</subfield>
    <subfield code="b">il., retrs. ;</subfield>
    <subfield code="c">30 cm.</subfield>
  </datafield>
  <datafield tag="505" ind1="0" ind2=" ">
    <subfield code="g">Presentaci&#xF3;n /</subfield>
    <subfield code="r">Mary L. de Marranzini</subfield>
    <subfield code="g">Pr&#xF3;logo /</subfield>
    <subfield code="r">C&#xE1;ndido Ger&#xF3;n</subfield>
    <subfield code="g">Prefacio /</subfield>
    <subfield code="r">Ricardo Repilado</subfield>
    <subfield code="g">Etapa dominicana 1861-1901 --</subfield>
    <subfield code="t">Educaci&#xF3;n art&#xED;stica --</subfield>
    <subfield code="t">El matrimonio --</subfield>
    <subfield code="t">El taller Desangles --</subfield>
    <subfield code="t">Un colaborador de Hostos --</subfield>
    <subfield code="t">Luis Desangles --</subfield>
    <subfield code="t">Puerto Rico --</subfield>
    <subfield code="t">Regreso del exilio --</subfield>
    <subfield code="t">Temas en la pintura --</subfield>
    <subfield code="t">El tema costumbrista --</subfield>
    <subfield code="t">La arquitectura colonial --</subfield>
    <subfield code="t">El retrato --</subfield>
    <subfield code="t">Tema religioso --</subfield>
    <subfield code="t">La escultura --</subfield>
    <subfield code="g">Etapa cubana 1904-1940 --</subfield>
    <subfield code="t">Luis Desangles --</subfield>
    <subfield code="t">Viaje a Estados Unidos --</subfield>
    <subfield code="t">Retorno a Santiago de Cuba --</subfield>
    <subfield code="t">Compromiso con la patria --</subfield>
    <subfield code="t">La muerte del pintor --</subfield>
    <subfield code="t">Luis Desangles en la pupila de la cr&#xED;tica art&#xED;stica --</subfield>
    <subfield code="g">Epistolario --</subfield>
    <subfield code="g">Ap&#xE9;ndices --</subfield>
    <subfield code="g">Notas --</subfield>
    <subfield code="g">Bibliograf&#xED;a --</subfield>
    <subfield code="g">Book review</subfield>
  </datafield>
  <datafield tag="590" ind1=" " ind2=" ">
    <subfield code="a">Inventariado, 2018/LP</subfield>
  </datafield>
  <datafield tag="600" ind1="1" ind2="4">
    <subfield code="a">DESANGLES, LUIS</subfield>
    <subfield code="d">1861-1940</subfield>
    <subfield code="9">62122</subfield>
  </datafield>
  <datafield tag="650" ind1=" " ind2="4">
    <subfield code="a">Pintura dominicana</subfield>
    <subfield code="9">1858</subfield>
  </datafield>
  <datafield tag="700" ind1="1" ind2="2">
    <subfield code="a">Garc&#xED;a, C&#xE1;ndido,</subfield>
    <subfield code="d">1950-</subfield>
    <subfield code="e">pr&#xF3;l.</subfield>
    <subfield code="9">62123</subfield>
  </datafield>
  <datafield tag="910" ind1=" " ind2=" ">
    <subfield code="a">Validado. Control de calidad BNPHU</subfield>
  </datafield>
  <datafield tag="952" ind1=" " ind2=" ">
    <subfield code="0">0</subfield>
    <subfield code="1">0</subfield>
    <subfield code="5">4</subfield>
    <subfield code="7">0</subfield>
    <subfield code="8">DS</subfield>
    <subfield code="a">GR</subfield>
    <subfield code="b">GR</subfield>
    <subfield code="c">HD</subfield>
    <subfield code="d">2011-11-29</subfield>
    <subfield code="i">LF1</subfield>
    <subfield code="l">0</subfield>
    <subfield code="o">759.97293 L183L</subfield>
    <subfield code="p">36086-30</subfield>
    <subfield code="r">2020-06-25</subfield>
    <subfield code="t">e. 3</subfield>
    <subfield code="w">2020-06-25</subfield>
    <subfield code="y">LFDS</subfield>
    <subfield code="Z">Pr&#xE9;stamo en sala</subfield>
  </datafield>
  <datafield tag="952" ind1=" " ind2=" ">
    <subfield code="0">0</subfield>
    <subfield code="1">0</subfield>
    <subfield code="7">1</subfield>
    <subfield code="8">PD</subfield>
    <subfield code="a">PD</subfield>
    <subfield code="b">PD</subfield>
    <subfield code="c">HD</subfield>
    <subfield code="d">2011-11-29</subfield>
    <subfield code="i">LF1</subfield>
    <subfield code="l">0</subfield>
    <subfield code="o">759.97293 L183L</subfield>
    <subfield code="p">36086-10</subfield>
    <subfield code="r">2020-06-25</subfield>
    <subfield code="w">2020-06-25</subfield>
    <subfield code="y">LFPD</subfield>
    <subfield code="Z">No se presta</subfield>
  </datafield>
  <datafield tag="952" ind1=" " ind2=" ">
    <subfield code="0">0</subfield>
    <subfield code="1">0</subfield>
    <subfield code="7">1</subfield>
    <subfield code="8">PD</subfield>
    <subfield code="a">PD</subfield>
    <subfield code="b">PD</subfield>
    <subfield code="c">HD</subfield>
    <subfield code="d">2011-11-29</subfield>
    <subfield code="i">LF1</subfield>
    <subfield code="l">0</subfield>
    <subfield code="o">759.97293 L183L</subfield>
    <subfield code="p">36086-20</subfield>
    <subfield code="r">2020-06-25</subfield>
    <subfield code="t">e. 2</subfield>
    <subfield code="w">2020-06-25</subfield>
    <subfield code="y">LFPD</subfield>
    <subfield code="Z">No se presta</subfield>
  </datafield>
  <datafield tag="999" ind1=" " ind2=" ">
    <subfield code="c">35577</subfield>
    <subfield code="d">35577</subfield>
  </datafield>
</record>
